Ingres (Record no. 89291)
[ view plain ]
| 000 -LEADER | |
|---|---|
| campo de control de longitud fija | 00364nam a2200133 i 4500 |
| 001 - NÚMERO DE CONTROL | |
| campo de control | 89291 |
| 003 - IDENTIFICADOR DE NÚMERO DE CONTROL | |
| campo de control | ES-MaACL |
| 007 - CAMPO FIJO DE DESCRIPCIÓN FÍSICA--INFORMACIÓN GENERAL | |
| campo de control de longitud fija | t| |
| 008 - DATOS DE LONGITUD FIJA--INFORMACIÓN GENERAL | |
| campo de control de longitud fija | 050105s1911 fr ||||1| fre d |
| 100 1# - ENTRADA PRINCIPAL--NOMBRE DE PERSONA | |
| Nombre de persona | Lapauze, Henry. |
| 9 (RLIN) | 70138 |
| 245 10 - MENCIÓN DEL TÍTULO | |
| Título | Ingres |
| Resto del título | : su vie & son oeuvre : (1780-1867) / |
| Mención de responsabilidad, etc. | Henry Lapauze. |
| 260 ## - PUBLICACIÓN, DISTRIBUCIÓN, ETC. | |
| Lugar de publicación, distribución, etc. | París : |
| Nombre del editor, distribuidor, etc. | Georges Petit, |
| Fecha de publicación, distribución, etc. | 1911. |
| 852 ## - LOCALIZACIÓN | |
| Ubicación | ES-MaACL |
| Número de control de estantería | G-5012 |
| Estatus retirado | Estado de pérdida | Estado de daño | No para préstamo | Biblioteca de origen | Biblioteca actual | Ubicación en estantería | Fecha de adquisición | Fuente de adquisición | Total de préstamos | Signatura topográfica completa | Código de barras | Visto por última vez | Precio de reemplazo | Tipo de ítem Koha |
|---|---|---|---|---|---|---|---|---|---|---|---|---|---|---|
| Biblioteca del Ateneo de Madrid | Biblioteca del Ateneo de Madrid | Depósito 2 | 17/01/2008 | G-5012 | 1093254 | 23/02/2023 | 23/02/2023 | Libro impreso |
